| 000 | 00382nam a22001577a 4500 | ||
|---|---|---|---|
| 020 | _a81-8423-074-5 | ||
| 082 |
_a894.812.3 _bRAD/V |
||
| 100 | _aCORBETT JIM | ||
| 100 | _aANDERSON KENNETH | ||
| 100 | _aALLWELL GEORGE | ||
| 245 | _aVISHWAPRASIDHA VETTAKADHAKAL | ||
| 260 |
_aTRICHUR _bGREEN BOOKS _c2009 |
||
| 300 | _a152 | ||
| 650 |
_aMALAYALAM SHORT STORIES _zINDIA |
||
| 942 | _cBK | ||
| 999 |
_c1327 _d1327 |
||